00263nam a2200109Ia 4500008004100000020001800041082001400059100001000073245003800083260001800121500001400139260604s9999 xx 000 0 und d a9780857637680 a808.3 HAR aSHREE 0aThe Secret Rescuers The Star Wolf bNosy Crow Ltd aStar Wolf